书目信息 |
| 题名: |
工厂供配电技术及技能训练
|
|
| 作者: | 田淑珍 主编 | |
| 分册: | ||
| 出版信息: | 北京 机械工业出版社 2009.06 |
|
| 页数: | 328页 | |
| 开本: | 26cm | |
| 丛书名: | 21世纪高职高专规划教材系列 | |
| 单 册: | ||
| 中图分类: | TM727.3 | |
| 科图分类: | ||
| 主题词: | 输电技术 , 配电系统--技术 | |
| 电子资源: | ||
| ISBN: | 978-7-111-26543-6 | |
| 000 | 00716nam0 2200229 450 | |
| 001 | 1158455936 | |
| 005 | 20110610161639.56 | |
| 010 | @a978-7-111-26543-6@dCNY34.00 | |
| 100 | @a20110610d2009 km y0chiy0120 ea | |
| 101 | 0 | @achi |
| 102 | @aCN@b110000 | |
| 200 | 1 | @a工厂供配电技术及技能训练@Agong chang gong pei dian ji shu ji ji neng xun lian@f田淑珍主编@Ftian shu zhen zhu bian |
| 210 | @a北京@c机械工业出版社@d2009.06 | |
| 215 | @a328页@d26cm | |
| 225 | 2 | @a21世纪高职高专规划教材系列 |
| 410 | 0 | @12001 @a21世纪高职高专规划教材系列 |
| 606 | 0 | @a输电技术 |
| 606 | 0 | @a配电系统@x技术 |
| 690 | @aTM727.3@v5 | |
| 701 | 0 | @a田淑珍@Atian shu zhen@4主编 |
| 801 | 0 | @aCN@bNISOFT@c20110610 |
| 905 | @aBZT@dTM727.3@e2 | |
| 工厂供配电技术及技能训练/田淑珍主编.-北京:机械工业出版社,2009.06 |
| 328页;26cm.-(21世纪高职高专规划教材系列) |
| ISBN 978-7-111-26543-6:CNY34.00 |
| ● |
| 相关链接 |
|
|
|
正题名:工厂供配电技术及技能训练
索取号:TM727.3/2
 
预约/预借
| 序号 | 登录号 | 条形码 | 馆藏地/架位号 | 状态 | 备注 |
| 1 | 791463 | 2000791463 | 样本书库/样005架B面2层2列/ [索取号:TM727.3/2] | 在馆 | |
| 2 | 791464 | 2000791464 | 中心书库中库/ 中库029架A面3列4层11/ [索取号:TM727.3/2] | 在馆 | |
| 3 | 791465 | 2000791465 | 中心书库中库/ 中库029架A面3列4层9/ [索取号:TM727.3/2] | 在馆 | |
| 4 | 791466 | 2000791466 | 中心书库中库/ 中库029架A面3列4层13/ [索取号:TM727.3/2] | 在馆 | |
| 5 | 791467 | 2000791467 | 中心书库中库/ 中库029架A面3列4层12/ [索取号:TM727.3/2] | 在馆 | |
| 6 | 791468 | 2000791468 | 中心书库中库/ 中库029架A面3列4层10/ [索取号:TM727.3/2] | 在馆 |